000 00323nam a2200121Ia 4500
008 190216s9999||||xx |||||||||||||| ||und||
100 _aGasser R P H&Amp; Richards W G
245 0 _aEntropy And Energy Levels
260 _bEnglish Language Book Society
_c1974
300 _a132p
650 _aChemistry-Chemistry
942 _cBK
999 _c2664
_d2664